|
|
|
|
| LEADER |
01679nam a2200313 u 4500 |
| 001 |
10020844 |
| 003 |
upatras |
| 005 |
20210117205501.0 |
| 008 |
990311s1997 gr gre |
| 020 |
|
|
|a 960351134X
|
| 040 |
|
|
|a GR-PaULI
|c GR-PaULI
|
| 041 |
0 |
|
|a gre
|
| 082 |
0 |
4 |
|a 330.949 5
|
| 100 |
1 |
|
|a Καπόπουλος, Παναγιώτης
|9 143750
|
| 245 |
1 |
0 |
|a Ενιαίο νόμισμα και ελληνική βιομηχανία
|c Π. Καπόπουλος, Π. Παπαδημητρίου
|
| 260 |
|
|
|a Αθήνα
|b Α. Σταμούλης
|c 1997
|
| 300 |
|
|
|a 224 σ.
|b πίν.
|c 24 εκ.
|
| 504 |
|
|
|a Περιλαμβάνει βιβλιογραφία
|
| 650 |
|
4 |
|a Οικονομία
|z Ελλάδα
|9 3686
|
| 650 |
|
4 |
|a Βιομηχανία
|z Ελλάδα
|9 6110
|
| 700 |
1 |
|
|a Παπαδημητρίου, Π.
|9 145079
|
| 852 |
|
|
|a GR-PaULI
|b ΠΑΤΡΑ
|b ΒΚΠ
|b ΒΣ1
|k ΑΣΧΕ
|h 330.949 5 ΚΑΠ
|m 041473
|p 025000005186
|t 1
|
| 852 |
|
|
|a GR-PaULI
|b ΠΑΤΡΑ
|b ΒΚΠ
|b ΒΣ1
|k ΑΣΧΞ
|h 330.949 5 ΚΑΠ
|m 074417
|p 025000048479
|t 2
|
| 942 |
|
|
|2 ddc
|c BK15
|
| 952 |
|
|
|0 0
|1 0
|4 0
|6 330_949000000000000_5_ΚΑΠ
|7 0
|9 181282
|a LISP
|b LISP
|c BSC
|d 2016-04-24
|i 041473
|l 0
|o 330.949 5 ΚΑΠ
|p 025000005186
|r 2016-04-24 00:00:00
|t 1
|w 2016-04-24
|y BK15
|
| 952 |
|
|
|0 0
|1 0
|4 0
|6 330_949000000000000_5_ΚΑΠ
|7 0
|9 181283
|a LISP
|b LISP
|c BSC
|d 2016-04-24
|i 074417
|l 0
|o 330.949 5 ΚΑΠ
|p 025000048479
|r 2016-04-24 00:00:00
|t 2
|w 2016-04-24
|y BK15
|
| 952 |
|
|
|0 0
|1 0
|2 ddc
|4 0
|6 332_456600000000000_ΚΑΠ
|7 0
|9 322319
|a MSLG
|b MSLG
|c BSC
|d 2021-01-23
|e 24
|f 0
|g 0.00
|l 0
|o 332.4566 ΚΑΠ
|p 2420000017771
|r 2021-01-23 00:00:00
|t 1
|w 2021-01-23
|y BK15
|x 20030715 0 1
|x GrPaTEI
|
| 998 |
|
|
|c ΜΑΝΙΑΚΗ
|d 1999-03
|
| 999 |
|
|
|c 112048
|d 112048
|